Norwegian Football Teams - Statistics

General Stats
  • This quiz has been taken 270 times
  • The average score is 28 of 60
Answer Stats
Eliteserien % Correct
Bodø/Glimt
95%
Molde
95%
Rosenborg
94%
Brann
91%
Tromsø
90%
Vålerenga
89%
Aalesund
88%
Viking
87%
Lillestrøm
84%
Start
81%
Sarpsborg 08
80%
Fredrikstad
77%
Haugesund
77%
Kristiansund
77%
Strømsgodset
77%
Odd
76%
Stabæk
71%
HamKam
69%
Sandefjord
67%
Mjøndalen
62%
Ranheim
59%
KFUM Oslo
56%
Bryne
52%
Kongsvinger
52%
Moss
51%
Skeid
47%
Jerv
46%
Alta
45%
Sogndal
45%
Sandnes Ulf
41%
Åsane
40%
Arendal
39%
Hødd
37%
Raufoss
37%
Stjørdals/Blink
36%
Egersund
34%
Fram Larvik
34%
Bærum
33%
Grorud
33%
Tromsdalen
33%
Strømmen
30%
Asker
28%
Levanger
28%
Ullensaker/Kisa
28%
Notodden
24%
Kvik Halden
23%
Kjelsås
22%
Florø
19%
Vard Haugesund
18%
Nardo
14%
Vålerenga 2
14%
Sotra
13%
Flekkerøy
12%
Brattvåg
11%
Odd 2
11%
Øygarden
11%
Rosenborg 2
11%
Eidsvold
7%
Fløya
4%
Senja
4%
No matching quizzes found
Score Distribution
Percent of People with Each Score
Percentile by Number Answered
Your Score History
You have not taken this quiz